Bambling Roses/ (Record no. 206860)

MARC details
000 -LEADER
fixed length control field 00540nam a22001937a 4500
005 - DATE AND TIME OF LATEST TRANSACTION
control field 20241104165645.0
010 ## - LCCN (DPL NO)
LC control number ENG-142529
020 ## - INTERNATIONAL STANDARD BOOK NUMBER
International Standard Book Number 9788177113556
Terms of availability 400.00
035 ## - SYSTEM CONTROL NUMBER
System control number EN-126061
037 ## - SOURCE OF ACQUISITION
Source of stock number/acquisition DBAD
082 ## - DEWEY DECIMAL CLASSIFICATION NUMBER
Classification number 881
100 ## - MAIN ENTRY--PERSONAL NAME
Personal name Verma,Satish
245 ## - TITLE STATEMENT
Title Bambling Roses/
Statement of responsibility, etc By Satish Verma
250 ## - EDITION STATEMENT
Edition statement First
260 ## - PUBLICATION, DISTRIBUTION, ETC. (IMPRINT)
Place of publication, distribution, etc Jaipur
Name of publisher, distributor, etc Sahityagar
Date of publication, distribution, etc 2012
270 ## - ADDRESS
Address 958,Dhamani Market,Chaura Rasta
City Jaipur
Postal code 302003
300 ## - PHYSICAL DESCRIPTION
Extent 102p.
Dimensions 22cm(hbk)
942 ## - ADDED ENTRY ELEMENTS (KOHA)
Source of classification or shelving scheme Dewey Decimal Classification
Item type English Books
Classification part 881
Call number suffix VER
Edition 2012
Holdings
Withdrawn status Lost status Not for loan Collection code Home library Current library Date acquired Source of acquisition Cost, normal purchase price Full call number Barcode Copy number Cost, replacement price Koha item type
      Non-fiction Bawana Bawana 29/10/2024 DBAD 400.00 881 VER EN-126082 1 400.00 English Books

© Delhi Public Library
Hit Counter
free hit counter